KDH, KDS a zjednotenie pravice

Podrobná bibliografia
Hlavný autor: Hagyari, Pavol (Autor)
Médium: Článok
Jazyk:slovenčina
Predmet:

MARC

LEADER 00000nab a2200000 a 4500
001 vtls000488096
003 SK-MaSNL
005 20260303183357.0
008 120927c1993 xo 0 slo
015 |a SNBRB19rr/mm-uuuuu 
035 |a CL0488233 
040 |a SNKBUCL  |b slo  |c SNKBUCL  |e AACR2 
041 0 |a slo 
044 |a xo  |c SK 
080 |a 329.3:28(437.6)  |2 1981 
100 1 |a Hagyari, Pavol  |4 aut  |9 982893 
245 1 0 |a KDH, KDS a zjednotenie pravice  |c Pavol Hagyari 
610 2 7 |a Kresťanskodemokratické hnutie (politická strana)  |2 snkbucl  |9 34649 
655 7 |a články z novín a časopisov  |2 snkbucl  |9 267496 
773 0 |t Slovenský denník  |g Roč. 4, č. 168 (22. 7. 1993), s. 3 
850 |a Slovenská národná knižnica v Martine  |a MTA001 
852 |a SNK  |b KIS3GCP 
958 |a RK 
992 |a RBX 
999 |c 2120813  |d 2122743